Textbook of organic chemistry (Record no. 394538)

MARC details
000 -LEADER
fixed length control field 00450 a2200181 4500
005 - DATE & TIME
control field 20260217103158.0
008 - FIXED-LENGTH DATA ELEMENTS--GENERAL INFORMATION
fixed length control field 260217b |||||||| |||| 00| 0 eng d
020 ## - ISBN
International Standard Book Number 9789389802061
Price Rs. 799.00
040 ## - CATALOGING SOURCE
Original cataloging agency VIVEKANANDA LIBRARY
082 ## - DDC NUMBER
Classification number 547
Book Number B277T(7)
100 ## - MAIN ENTRY--PERSONAL NAME
Personal name Bansal, Raj K
245 ## - TITLE STATEMENT
Title Textbook of organic chemistry
250 ## - EDITION STATEMENT
Edition statement 7th
260 ## - PUBLICATION, DISTRIBUTION, ETC. (IMPRINT)
Name of publisher, distributor, etc New Age International
Place of publication, distribution, etc London
Date of publication, distribution, etc 2025
300 ## - PHYSICAL DESCRIPTION
Pages xx, 1004
650 ## - Subject
Subject Chemistry
942 ## - ADDED ENTRY ELEMENTS (KOHA)
Koha item type Books
Holdings
Withdrawn status Lost status Source of classification or shelving scheme Damaged status Not for loan Location (home branch) Sublocation or collection (holding branch) Shelving location Date acquired Koha issues (times borrowed) Koha full call number Accession No. Koha date last seen Koha item type
    Dewey Decimal Classification     VIVEKANANDA LIBRARY VIVEKANANDA LIBRARY Vivekananda Library 05/02/2026   547 B277T(7) 438223 05/02/2026 Books
    Dewey Decimal Classification     VIVEKANANDA LIBRARY VIVEKANANDA LIBRARY Vivekananda Library 05/02/2026   547 B277T(7) 438222 05/02/2026 Books
    Dewey Decimal Classification     VIVEKANANDA LIBRARY VIVEKANANDA LIBRARY Vivekananda Library 05/02/2026   547 B277T(7) 438219 05/02/2026 Books
    Dewey Decimal Classification     VIVEKANANDA LIBRARY VIVEKANANDA LIBRARY Vivekananda Library 05/02/2026   547 B277T(7) 438221 05/02/2026 Books
    Dewey Decimal Classification     VIVEKANANDA LIBRARY VIVEKANANDA LIBRARY Vivekananda Library 05/02/2026   547 B277T(7) 438220 05/02/2026 Books
© Designed and Maintained by Vivekananda Library, MDU Rohtak